000 00466nam a2200133Ia 4500
003 GCL
008 140319s9999 xx 000 0 ara d
040 _aGCL /
_cGCL
082 0 4 _a301.242
_bم ت
100 1 _aمحمد شفيق
245 1 0 _aالتنمية والمتغيرات الاقتصادية : قراءات فى علم الاجتماع الاقتصادى /
_cمحمد شفيق
300 _a683 ص
490 _aالهيئة العامة للاستعلامات
_v0
999 _c49336
_d49336